| 000 | 01449nam a22003375i 4500 | ||
|---|---|---|---|
| 999 |
_c29064 _d29035 |
||
| 003 | EG-ScBUE | ||
| 005 | 20201217154319.0 | ||
| 008 | 201217s2019 ua a f 000 0 ara d | ||
| 017 | _a2019 / 4024 | ||
| 020 | _a9789770935538 | ||
| 040 |
_aEG-ScBUE _bara _erda _cEG-ScBUE _dEG-ScBUE |
||
| 041 | 1 |
_aara _heng |
|
| 043 | _af-ua--- | ||
| 082 | 0 | 4 |
_a962.04 _bم ي ل _222 |
| 100 | 1 |
_aملنر، ألفريد، _d1854-1925، _eمؤلف. |
|
| 245 | 1 | 0 |
_aيوميات لورد ملنر في مصر ووثائق أخرى، 1919-1920 / _cتقديم طارق البشري ؛ إعداد وتحرير منى عبد العظيم أنيس ؛ ترجمة د. صلاح أبو نار. |
| 250 | _aالطبعة الأولى. | ||
| 264 | 1 |
_aالقاهرة : _bدار الشروق، _c2019. |
|
| 300 |
_a173 صفحة ؛ _c24 سم |
||
| 336 |
_aنص _btxt _2rdacontent |
||
| 337 |
_aبدون وسيط _bn _2rdamedia |
||
| 338 |
_aمجلد _bnc _2rdacarrier |
||
| 500 | _a"عاشت مصر حرة مستقلة (مائة عام على ثورة 1919)"-- غلاف الكتاب. | ||
| 600 | 1 | 7 |
_aملنر، ألفريد، _d1854-1925 _xمذكرات. _2BUEsh |
| 651 | 7 |
_aمصر _xتاريخ _yالاحتلال البريطانى، 1882-1956 م. _2BUEsh |
|
| 653 |
_bBUSBOL _cDecember2020 |
||
| 700 | 1 |
_aأبو نار، صلاح، _eمترجم. |
|
| 700 | 1 |
_aأنيس، منى عبد العظيم، _eمعد. |
|
| 700 | 1 |
_aبشري، طارق، _eمقدم. |
|
| 942 | _2ddc | ||